000 00799nam a2200205 i 4500
001 135297
003 ES-MaACL
005 20250812233932.0
007 t|
008 070716s1911 sp ||||1| spa d
080 _a355.489(460:64)"1909/27"
100 1 _aTorcy, Louis-Joseph-Gilles de.
_9110625
245 1 4 _aLos españoles en Marruecos en 1909
_b: España y Francia en Marruecos a principios de 1911 /
_cLouis-Joseph-Gilles de Torcy ; traducción de la segunda edición francesa con prefacio del General Bonnal.
260 _aMadrid :
_bA. Marzo,
_c1911.
300 _aXXVI, 255, 31, 40 p. :
_bil. ;
_c24 cm.
504 _aBibliografía de la campaña de 1909.
650 7 _aConflicto hispano-marroquí, 1909-1927
_2embne
_9156658
852 _aES-MaACL
_jF-7013
999 _c135297
_d135297